000 005280000a22001810004500
003 MACL
005 20160610135648.0
008 160610b xxu||||| |||| 00| 0 eng d
040 _aMACL
_cMACL
041 _aHindi
082 _a891.431
100 _aशर्मा, कपिल
_962451
245 _aशब्‍दाश्रय
_cकपिल शर्मा
260 _bनीलेश प्रकाशन
_c1999
_aदिल्‍ली
350 _a70
650 _aPoetry
_963874
942 _cHIN
_k891.431
_2ddc
999 _c29893
_d29893